Hyberbolic geometry / (Record no. 163704)

MARC details
000 -LEADER
fixed length control field 00803nam a22002897a 4500
001 - CONTROL NUMBER
control field ocm29391007
003 - CONTROL NUMBER IDENTIFIER
control field 0
005 - DATE AND TIME OF LATEST TRANSACTION
control field 20230123134318.0
008 - FIXED-LENGTH DATA ELEMENTS--GENERAL INFORMATION
fixed length control field 931101s1992 enk 001 0 eng
015 ## - NATIONAL BIBLIOGRAPHY NUMBER
National bibliography number GB93-44645
020 ## - INTERNATIONAL STANDARD BOOK NUMBER
International Standard Book Number 0521435080 (cased) :
Terms of availability �29.95 : Formerly CIP
020 ## - INTERNATIONAL STANDARD BOOK NUMBER
International Standard Book Number 0521435285 (pbk)
029 0# - OTHER SYSTEM CONTROL NUMBER (OCLC)
OCLC library identifier UKM
System control number b9344645
035 ## - SYSTEM CONTROL NUMBER
-- H130
040 ## - CATALOGING SOURCE
Original cataloging agency UKM
Transcribing agency NUST
049 ## - LOCAL HOLDINGS (OCLC)
Holding library MAIN
090 ## - LOCALLY ASSIGNED LC-TYPE CALL NUMBER (OCLC); LOCAL CALL NUMBER (RLIN)
Classification number (OCLC) (R) ; Classification number, CALL (RLIN) (NR) QA685
100 1# - MAIN ENTRY--PERSONAL NAME
Personal name Iversen, Birger.
245 10 - TITLE STATEMENT
Title Hyberbolic geometry /
Statement of responsibility, etc. Birger Iversen.
260 ## - PUBLICATION, DISTRIBUTION, ETC.
Place of publication, distribution, etc. Cambridge :
Name of publisher, distributor, etc. Cambridge University Press,
Date of publication, distribution, etc. 1992.
300 ## - PHYSICAL DESCRIPTION
Extent xiv, 298 p.
653 0# - INDEX TERM--UNCONTROLLED
Uncontrolled term Plane geometry
830 #0 - SERIES ADDED ENTRY--UNIFORM TITLE
Uniform title London Mathematical Society student texts ;
Volume/sequential designation 25.
907 ## - LOCAL DATA ELEMENT G, LDG (RLIN)
a .b10034304
b 16-01-07
c 17-04-03
994 ## -
-- 92
-- ZNA
942 ## - ADDED ENTRY ELEMENTS (KOHA)
Koha item type Ordinary Loan Books
Call number prefix QA685
Holdings
Date last seen Total Checkouts Full call number Barcode Cost, replacement price Price effective from Koha item type Lost status Source of classification or shelving scheme Damaged status Not for loan Collection Withdrawn status Home library Current library Shelving location Date acquired Cost, normal purchase price
01/23/2023   QA685 IVE 92003014855 80.00 01/23/2023 BOOKS   LCC     NFIC   MAIN MAIN GEN 01/23/2023 80.00